Datum a čas kvízu

24 Celkem bodů Celkový počet nahraných bodů na tomto kvízu bez doplňovacích otázek.
9. Pořadí na kvízu Konečné umístění týmu na tomto kvízu.

Zaznamenané odpovědi

# Otázka Odpověď Body Výsledky
1. Obyvatele jednoho českolipskéh... velký balvan 0
2. Státy EU a zástupci Evropského... D 1
3. Tvůrci jednoho nejmenovaného k... Lajna – konečně film! 1
4. Společnost Nokian představila... A 1
5. Anežce Indráčkové se povedlo p... ve skocích na lyžích 0
6. Vítězné téma facebookového hla... 1B 2C 3D 4A 1
7. Která ženská postava běží na k... Bridget Jones 1
8. „Celou dobu mi do nosu tekla v... Tobey Maguire 0
9. Tento filmový polibek byl insp... v Helsinkách 0
10. Jak se jmenují filmové postavy... Lady a Tramp 0